000
00208nam a2200085 4500
001
1232360
005
20250922122850.0
245
_a
KUDÜS
_c
PRF DR NUH ASLANTAŞ DOÇ DR ELDAR HASANOĞLU
260
_b
KÜLTÜR A.Ş
999
_c
1232360
_d
1232360